000 00866nam a2200289 a 4500
001 19285
003 BD-RjUL
005 20211209000418.0
008 140223s1955 enk 000 1 eng u
035 _a55-09698
035 _a(OCoLC)55116686
_a(BD-RjUL)19343
040 _aWSU
_dm.c
_beng
_cBD-RjUL
041 _aeng
082 _a800
_bTAM 1955
100 1 _aTate, Allen.
_d1899-1979.
_953872
245 1 4 _aThe man of letters in the modern world :
_bselected essays, 1928-1955 /
_cAllen Tate.
260 _aNew York :
_bMeridian,
_c1955.
300 _a352 p. ;
_c18 cm.
490 1 _aMeridian books ;
500 _a"Thames & Hudson" imprint on sticker over "New York : Meridian Books, 1955."
650 0 _aLiterature
_959311
830 0 _vM13
_959327
830 0 _aMeridian books ;
_959328
942 _2ddc
_cBK
999 _c19285
_d19285